ბათუმის შოთა რუსთაველის სახელმწიფო უნივერსიტეტის ბიბლიოთეკა

საქართველოს პირველი რესპუბლიკის კონსტიტუცია (1921) : (ბიბ.ჩანაწერი № 52705)

000 -ლიდერი
ფიქსირებული სიგრძის საკონტროლო ველი 02045nam a2200301Ia 4500
001 - საკონტროლო ნომერი
საკონტროლო ველი 19730
003 - საკონტროლო ნომრის იდენტიფიკატორი
საკონტროლო ველი GE_BSU
005 - ბოლო ოპერაციის თარიღი და დრო
საკონტროლო ველი 20200411220557.0
008 - ფიქსირებული სიგრძის მონაცემთა ელემენტები - ზოგადი ინფორმაცია
ფიქსირებული სიგრძის საკონტროლო ველი 181216s2015||||ge |||||||||||||| ||geo||
020 ## - წიგნის საერთაშორისო სტანდარტული ნომერი
International Standard Book Number 9789941081873 (ტ. 1)
040 ## - კატალოგიზაციის წყარო
Transcribing agency GE_BSU
041 ## - ენის კოდი
Language code of text/sound track or separate title geo
080 ## - უნივერსალური ათობითი კლასიფიკაციის ინდექსი
Universal Decimal Classification number 342.4(479.22)"1921 ს-32
245 ## - ცნობა სათაურის შესახებ
Title საქართველოს პირველი რესპუბლიკის კონსტიტუცია (1921) :
Remainder of title მასალები და დოკუმენტები ტ.1 /
Statement of responsibility, etc შემდგენლები : ხათუნა დავითური, მარინა ალანია, ნანო ომანაძე [და სხვ.] ; რედაქტორები : ემზარ ჯგერენაია, თეა კენჭოშვილი.
264 ## - წარმოების, გამოცემის, დისტრიბუციის და სხვა ცნობები
გამოცემის, წარმოების, დისტრიბუციის... ადგილი თბილისი :
გამოცემის, წარმოების, დისტრიბუციის... სახელწოდება ირიდა,
გამოცემის, წარმოების, დისტრიბუციის... თარიღი 2015.
300 ## - ფიზიკური აღწერა
Extent 254 გვ. ;
Dimensions 21 სმ.
500 ## - ზოგადი შენიშვნა
General note ეძღვნება ისიდორე დოლიძის დაბადებიდან 100 წლის იუბილეს
501 ## - შენიშვნა თანმხლებ მასალაზე
With note საძიებლები: გვ. 234-254
653 ## - INDEX TERM--UNCONTROLLED
Uncontrolled term სამართალი
653 ## - INDEX TERM--UNCONTROLLED
Uncontrolled term საქართველოს 1921 წლის კონსტიტუცია
700 ## - ADDED ENTRY--PERSONAL NAME
Personal name დავითური, ხათუნა
Relator term შემდგენელი
9 (RLIN) 7903
700 ## - ADDED ENTRY--PERSONAL NAME
Personal name ალანია, მარინა
Relator term შემდგენელი
9 (RLIN) 7904
700 ## - ADDED ENTRY--PERSONAL NAME
Personal name ომანაძე, ნანო
Relator term შემდგენელი
9 (RLIN) 7905
700 ## - ADDED ENTRY--PERSONAL NAME
Personal name ჯგერენაია, ემზარ
Relator term რედაქტორი
9 (RLIN) 7906
700 ## - ADDED ENTRY--PERSONAL NAME
Personal name კენჭოშვილი, თეა
Relator term რედაქტორი
9 (RLIN) 7907
710 ## - ADDED ENTRY--CORPORATE NAME
Corporate name or jurisdiction name as entry element საქართველოს პარლამენტის ეროვნული ბიბლიოთეკა
Relator term სამოქალაქო განათლების განყოფილება
9 (RLIN) 7897
942 ## - ADDED ENTRY ELEMENTS (KOHA)
Koha item type წიგნი
Source of classification or shelving scheme
ეგზემპლარები
ჩამოწერის სტატუსი დაკარგული ეგზემპლარის სტატუსი კლასიფიკაციის წყარო ან თაროზე გაწყობის სქემა დაზიანების სტატუსი არ გაიცემა მუდმივი მდებარეობა (დაცვის ადგილი) ამჟამინდელი ადგილსამყოფელი თაროზე განთავსების ადგილი შეძენის თარიღი სრული შენახვის შიფრი შტრიხკოდი ბოლო ოპერაციის თარიღი ეგზემპლარის მიმდევრობითი ნომერი (კეტერი?) ფასის ძალაში შესვლის თარიღი ეგზემპლარის სახეობა
          ბათუმის შოთა რუსთაველის სახელმწიფო უნივერსიტეტის მთავარი ბიბლიოთეკა ბათუმის შოთა რუსთაველის სახელმწიფო უნივერსიტეტის მთავარი ბიბლიოთეკა წიგნსაცავი 2018-12-17 342.4(479.22) 52067 2018-12-17 52067 2018-12-17 წიგნი